Geometry Dash - Extreme Demons Starting with O (Pre-2.2) - Statistics

General Stats
  • This quiz has been taken 86 times
    20 since last reset
  • The average score is 9 of 22
Answer Stats
Publisher Answer % Correct
dice88 Oblivion
80%
MindCap Omega
80%
Team Proxima Omicron
70%
Platnuu Omega Interface
50%
DrCuber On1y Cub3
50%
ViPriN Ouroboros
50%
Demishio Ourwa
50%
Havok Occult Outcry
40%
HHyper Omorfia
40%
foodynooby Ouroboros Startpos 2
40%
KlaurosssS Overtime
40%
Renn241 of Ambrosia
30%
Kapycta999 Ogue
30%
THEREALXFUTURE OneAttempt
30%
Insidee OOPZ
30%
LP44 Our Fountain
30%
ArraegenGD Out of Chaos
30%
Eridani Obscura
20%
Girlbossed OPSM1
20%
Bram4Real The {Old Trail}
20%
DuskerHu Once Again
10%
Kohtpojiep Overlord
10%
No matching quizzes found
Score Distribution
Percent of People with Each Score
Percentile by Number Answered
Your Score History
You have not taken this quiz since the last reset